000 00519nam a2200181Ia 4500
999 _c9848
_d9848
003 OSt
005 20191223095954.0
008 190216s9999||||xx |||||||||||||| ||und||
020 _a818527486X
040 _coclc
082 _a338.9
_bLEW/P
100 _aLewis, Arthur W
_9620
245 0 _aThe Principiles Of Economic Planning /
_cArthur W Lewis
260 _bUniversal Bookstall,
_c1989.
_aNew Delhi:
300 _a128p
650 _aEconomics
942 _cBK
_2ddc
_h338.9
_iLEW/P
_k338.9
_mLEW/P